The origins of life : (Record no. 87855)
[ view plain ]
| 000 -LEADER | |
|---|---|
| campo de control de longitud fija | 01359cam a2200373M 4500 |
| 001 - NÚMERO DE CONTROL | |
| campo de control | 75381 |
| 005 - FECHA Y HORA DE LA ÚLTIMA TRANSACCIÓN | |
| campo de control | 20230410132808.0 |
| 008 - DATOS DE LONGITUD FIJA--INFORMACIÓN GENERAL | |
| campo de control de longitud fija | 091205s1999 nyuak b 001 u eng d |
| 035 ## - NÚMERO DE CONTROL DEL SISTEMA | |
| Número de control de sistema | (OCoLC)ocn472927408 |
| 040 ## - FUENTE DE CATALOGACIÓN | |
| Centro catalogador/agencia de origen | DKDLA |
| Lengua de catalogación | dan |
| Centro/agencia transcriptor | DKDLA |
| 020 ## - NÚMERO INTERNACIONAL ESTÁNDAR DEL LIBRO | |
| Número Internacional Estándar del Libro | 0198504934 |
| 020 ## - NÚMERO INTERNACIONAL ESTÁNDAR DEL LIBRO | |
| Número Internacional Estándar del Libro | 9780198504931 |
| 029 1# - OTRO NÚMERO DE CONTROL DE SISTEMA (OCLC) | |
| Identificador de la biblioteca OCLC | DKDLA |
| Número de control de sistema | 24149118 |
| 029 1# - OTRO NÚMERO DE CONTROL DE SISTEMA (OCLC) | |
| Identificador de la biblioteca OCLC | DKDLA |
| Número de control de sistema | 27885701 |
| 035 ## - NÚMERO DE CONTROL DEL SISTEMA | |
| Número de control de sistema | (OCoLC)472927408 |
| 082 00 - NÚMERO DE LA CLASIFICACIÓN DECIMAL DEWEY | |
| Número de clasificación | 576.83 |
| 049 ## - FONDOS LOCALES (OCLC) | |
| Biblioteca depositaria | GRAL |
| 050 14 - SIGNATURA TOPOGRÁFICA DE LA BIBLIOTECA DEL CONGRESO | |
| Número de clasificación | QH 366.2 |
| Número de ítem | S642o 1999 |
| 100 1# - ENTRADA PRINCIPAL--NOMBRE DE PERSONA | |
| Nombre de persona | Smith, John Maynard, |
| Fechas asociadas al nombre | 1920 |
| 245 14 - MENCIÓN DEL TÍTULO | |
| Título | The origins of life : |
| Resto del título | from the birth of life to the origin of language / |
| Mención de responsabilidad, etc. | John Maynard Smith and Eèors Szathmáry. |
| 260 ## - PUBLICACIÓN, DISTRIBUCIÓN, ETC. | |
| Lugar de publicación, distribución, etc. | Oxford ; |
| -- | New York : |
| Nombre del editor, distribuidor, etc. | Oxford University Press, |
| Fecha de publicación, distribución, etc. | 1999. |
| 300 ## - DESCRIPCIÓN FÍSICA | |
| Extensión | 180 sider : |
| Otras características físicas | ill.; |
| Dimensiones | 24cm. |
| 504 ## - NOTA DE BIBLIOGRAFÍA, ETC. | |
| Nota de bibliografía, etc. | Includes bibliographical references (p. [171]) and index. |
| 650 #0 - PUNTO DE ACCESO ADICIONAL DE MATERIA--TÉRMINO DE MATERIA | |
| Término de materia o nombre geográfico como elemento de entrada | Life |
| Subdivisión general | Origin. |
| 650 #0 - PUNTO DE ACCESO ADICIONAL DE MATERIA--TÉRMINO DE MATERIA | |
| Término de materia o nombre geográfico como elemento de entrada | Evolution (Biology). |
| 650 #0 - PUNTO DE ACCESO ADICIONAL DE MATERIA--TÉRMINO DE MATERIA | |
| Término de materia o nombre geográfico como elemento de entrada | Genetic transformation. |
| 700 1# - ENTRADA AGREGADA--NOMBRE PERSONAL | |
| Nombre de persona | Szathmáry, Eèors. |
| 856 42 - LOCALIZACIÓN Y ACCESO ELECTRÓNICOS | |
| Nombre del host | Publisher description |u http://www.loc.gov/catdir/enhancements/fy0635/99230990-d.html |
| 856 41 - LOCALIZACIÓN Y ACCESO ELECTRÓNICOS | |
| Nombre del host | Table of contents only |u http://www.loc.gov/catdir/enhancements/fy0635/99230990-t.html |
| 856 42 - LOCALIZACIÓN Y ACCESO ELECTRÓNICOS | |
| Nombre del host | Contributor biographical information |u http://www.loc.gov/catdir/enhancements/fy0722/99230990-b.html |
| 942 ## - ELEMENTOS DE ENTRADA SECUNDARIOS (KOHA) | |
| Fuente del sistema de clasificación o colocación | Clasificación de Library of Congress |
| Tipo de ítem Koha | |
| 994 ## - | |
| -- | C0 |
| -- | DRFGD |
| 946 ## - PROCESAMIENTO DE INFORMACIÓN LOCAL (OCLC) | |
| a | LD |
| Estatus retirado | Estado de pérdida | Fuente del sistema de clasificación o colocación | Estado de daño | No para préstamo | Colección | Biblioteca de origen | Biblioteca actual | Ubicación en estantería | Fecha de adquisición | Serial enumeration / chronology | Signatura topográfica completa | Código de barras | Visto por última vez | Copia número | Tipo de ítem Koha |
|---|---|---|---|---|---|---|---|---|---|---|---|---|---|---|---|
| Clasificación de Library of Congress | Humanidades | Biblioteca Juan Bosch | Biblioteca Juan Bosch | Humanidades (4to. Piso) | 10/04/2023 | 1 | QH 366.2 S642o 1999 | 00000064705 | 25/10/2018 | 1 |
